Регионална библиотека "Любен Каравелов" - Русе

Джуниър - Историята на един черен лебед и неговата бяла лейди (Запис номер 34507)

MARC детайли
000 -Лидер
Контролно поле с фиксирана дължина 01291nam a2200301 c 4500
003 - Код на организацията, давaща контролен номер
Контролно поле BLK
005 - Дата и час на последна редакция
Контролно поле 20180422100310.0
008 - Елементи от данни с фиксирана дължина
fixed length control field 180408b bul|||||r ||||||| ||bul||
010 ## - Наследен системен номер
LC control number KNG00037209000
020 ## - Международен стандартен номер на книга ISBN
Международен стандартен номер на книга ISBN 954-9985-07-5
-- издат.: Фигура
040 ## - Източник на каталожния запис
Идентификатор на билиотеката - собственик на записа BLK
041 ## - Код за език
Код за езика на текст/звукозапис или на отделно заглавие Български
Код за езика КДБФ Български
080 ## - УДК
Текстов определител УДК Българска литература
УДК код - определител по УДК 821.163.2
УДК определител -93-34
УДК - код + определител 821.163.2-93-34
100 1# - Редна дума - Автор
Автор Нихело Немо
Авторска отговорност първи автор
R(LIN) 366070
139 ## - Редно поле
Редна дума Коспартова, Люба Николова
Авторски знак Кос - К 86
245 10 - Сведения за заглавието
Заглавие Джуниър - Историята на един черен лебед и неговата бяла лейди
Редно поле (дума) * Люба Николова Коспартова; Нихело Немо.
257 ## - Страна на издаване
Страна на създаване/издаване България
260 ## - Област на издателските данни
-- София
Име на издателя, разпространителя и проч. Фигура
Година на издаване 2001
Печатница София : Скала
300 ## - Физическа характеристика
Страници 48 с.
Илюстрации и др. с ил.
Размери/Мащаб 16 см
380 ## - Жанр
Жанр Детска худож. лит.
500 ## - Общи забележки
Забележка Нихело Немо - псевд. на Люба Николова Коспартова.
700 1# - Други автори (авторска отговорност)
Лично име Коспартова, Люба Николова
Автороска отговорност (Описва отношението между автора и произведението) *
Друга информация Бачева-Коспартова, Люба Николова
9 (RLIN) 366251
852 ## - Местоположение
Форматна сигнатура Цб І 30413
856 4# - Електронен адрес и достъп
Електронен формат pdf - файл
Път до файла /url/
856 4# - Електронен адрес и достъп
Електронен формат pdf - файл
Път до файла /url/
942 ## - АРТИКУЛИ
Вид на библиотечния материал Книги
Скрит в OPAC Не
944 ## - СЪЗДАВАНЕ И РЕДАКЦИЯ на ЗАПИСА
Създаване/Редакция Създаване
Дата на регистрацията/редакция 15.01.2003
Служител, извършил регистрацията/редакцията Геновева_Генчева
944 ## - СЪЗДАВАНЕ И РЕДАКЦИЯ на ЗАПИСА
Създаване/Редакция Редакция
Дата на регистрацията/редакция 30.01.2017
Служител, извършил регистрацията/редакцията Сечил_Томаш
999 ## - СИСТЕМНИ КОНТРОЛНИ НОМЕРА
Koha biblionumber 34507
Koha biblioitemnumber 34507
Наличности
Код за отписване Код за изгубен артикул Източник на класификационната схема Код за повреда Коз за рестрикции Код за отдаване Артикулен № Име на библиотеката - собственик Име на библиотеката, в която се намира в момента Статус (Текущо местоположение) Дата на вписване в системата Местоположение - отдел Цена в лева Инвентарен номер Систематично азбучна сигнатура Баркод Номер на екземпляра Цена в евро Служебна бележка Служебен тип на артикула
  Не е изгубен Universal Decimal Classification Не е повреден без рестрикции ползва се в читалня 54796 Регионална библиотека "Любен Каравелов" Русе Регионална библиотека "Любен Каравелов" Русе Хранилище 2001-07-01 Хранилище 3.00 666396 Цб I 30413 120000666396 1 1.53 Дост: Dp Вид: Д N: 26 Дата: 26.06.2001 Книги
Vip Innovations Ltd, Rousse, Bulgaria 2025